Convivium exchanges and interactions in the arts of Medieval Europe, Byzantium, and the Mediterranean II/1

Podrobná bibliografia
Ďalší autori: Foletti, Ivan, 1980- (Editor), Foletti, Karolina, 1985- (Editor), Frantová, Zuzana, 1981- (Editor), Palladino, Adrien (Editor), Tichá, Pavla (Editor), Tvrzníková, Veronika (Editor), Zacharias, Johanna (Editor)
Médium: Kniha
Jazyk:angličtina
francúzština
taliančina
Fyzický popis:295 s. faks., fotogr., ilustr., portréty 26 cm
Vydavateľské údaje: Brno Filozofická fakulta Masarykovy univerzity 2015
ISBN:9788021078666
Predmet:

MARC

LEADER 00000cam a2200000 a 4500
001 vtls011472704
003 SK-MaSNL
005 20260301220053.0
008 160215s2015 xr haocg n 000 0deng
020 |a 9788021078666  |q (brožované) 
040 |a SNK  |b slo  |c SNK  |e AACR2 
041 0 |a eng  |a fre  |a ita  |b cze  |b eng 
043 |a e------  |a mm----- 
044 |a xr  |c CZ 
072 7 |a 7.01/.09  |x Umenie  |2 konspekt 
080 |a 7.033  |2 2011 
080 |a (4)  |2 2011 
080 |a (38+392)  |2 2011 
080 |a (4-12/-14)  |2 2011 
080 |a 316.72/.75  |2 2011 
080 |a 001(051)  |2 2011 
245 0 0 |a Convivium  |b exchanges and interactions in the arts of Medieval Europe, Byzantium, and the Mediterranean  |b seminarium Kondakovianum Series Nova  |n II/1  |c Foletti, Ivan ... [et al.] 
260 |a Brno  |b Filozofická fakulta Masarykovy univerzity  |c 2015 
300 |a 295 s.  |b faks., fotogr., ilustr., portréty  |c 26 cm 
500 |a Časopis Ústavu dějin umění Univerzity v Lausanne, Semináře dějin umění Masarykovy univerzity a Ústavu dějin umění AV ČR 
504 |a Bibliogr. odkazy 
546 |a Res. čes., angl. ; text aj franc., taliansky 
648 7 |a 3.-16. stor.  |2 SNKPH  |9 536829 
648 7 |a 3rd-16th century  |2 SNKPHeng  |9 606725 
650 0 7 |a stredoveké umenie  |2 SNKPH  |9 2869 
650 0 7 |a Medieval art  |2 SNKPHeng  |9 349921 
651 7 |a Európa  |2 SNKPH  |9 167569 
651 7 |a Europe, Central  |2 SNKPHeng  |9 98219 
651 7 |a Byzantská ríša  |2 SNKPH  |9 74153 
651 7 |a Byzantine Empire  |x Cultural relations  |2 SNKPHeng  |9 606726 
651 7 |a Stredozemné more  |2 SNKPHgeo  |9 26720 
655 7 |a vedecké časopisy  |2 SNKPH  |9 70520 
655 7 |a Scientific journals  |2 SNKPHeng  |9 265227 
700 1 |a Foletti, Ivan,  |d 1980-  |4 edt  |9 52725 
700 1 |a Foletti, Karolina,  |d 1985-  |4 edt  |9 229537 
700 1 |a Frantová, Zuzana,  |d 1981-  |4 edt  |9 161650 
700 1 |a Palladino, Adrien  |4 edt  |9 606727 
700 1 |a Tichá, Pavla  |4 edt  |9 606728 
700 1 |a Tvrzníková, Veronika  |4 edt  |9 606729 
700 1 |a Zacharias, Johanna  |4 edt  |9 606730 
919 |a 978-80-210-7866-6 
999 |c 930503  |d 932433 
952 |a SNK  |b SNK  |y VYP  |7 0  |p 17A1124612  |o snkIB 73083/2/1  |i snk2016/3916  |8 3  |g 62.50  |0 0  |1 0  |4 0  |d 2016-02-15  |l 0  |r 2026-02-24 08:46:41  |w 2026-02-24